The new sister

Bibliographic Details
Main Author: De Menezes, Anne
Other Authors: Mei-Yim Low (illustrated by)
Format: Book
Published: Great Britain : Julia Mac.Rae Books , 1989
Series:Blackbird Books
Subjects:

MARC

LEADER 00000cam a2200000 7i4500
001 0000003889
002 000004190
005 20000330.0
020 |a 0862033993 
090 0 0 |a JF   |b DEM 
100 1 |a De Menezes, Anne 
245 1 4 |a The new sister   |c Anne de Menezes ; illustrated by Mei-Yim Low 
260 |a Great Britain :   |b Julia Mac.Rae Books ,   |c 1989 
300 |a 45p. :   |b ill. ;   |c 20cm. 
490 0 |a Blackbird Books 
650 0 0 |a Children's stories 
700 1 |a Mei-Yim Low ,   |e illustrated by 
999 |a 032513   |b BUKU   |c PINJAMAN   |e PERPUSTAKAAN KOMUNITI PETALING JAYA 
999 |a 032515   |b BUKU   |c PINJAMAN   |e PERPUSTAKAAN KOMUNITI PETALING JAYA